000 00455nam a22001697a 4500
999 _c12221
_d12221
008 220721b ||||| |||| 00| 0 eng d
020 _a9789390095155
082 _a954.05092
_bSIV
100 _aSivathanu Pillai, A.
245 _a40 years with Abdul Kalam : untold stories
260 _aNew Delhi
_bPentagon Press
_c2020
300 _axix, 230p.
650 _aPresidents
650 _aTechnological innovations
650 _aFriendship
942 _cBK